000 01049nam a2200253 4500
003 OSt
005 20250410164128.0
008 210809s2003 ck ||||gr|||| 00| 0 spa d
020 _a9587060318
020 _a9587060210 (Colección)
040 _aCO-JMCR
_cCO-JMCR
041 0 _aspa
082 0 4 _aA-N
_bCABc
_223
100 1 _aCaballero Calderón, Eduardo,
_eautor
_939181
245 1 0 _aEl cristo de espaldas /
_cEduardo Caballero Calderón
260 _aBogotá :
_bEl Tiempo,
_c2003.
300 _a185 páginas ;
_c21 cm.
490 _aBiblioteca El Tiempo :
_aSerie Colombia ;
_v11.
500 _aDatos biográficos del autor en tapa posterior.
520 0 _aEn plena violencia oficial del finales de los cuarenta y principios de los cincuenta, Eduardo Caballero Calderón publico su novela El cristo de espaldas (1952), que recoge en las vicisitudes de un párroco de un pueblo todo el drama que viven en esa epoca los campesinos.
650 1 4 _aNovela colombiana
_939182
650 1 4 _aLiteratura
_vNovela
_939183
942 _2ddc
_cBK
999 _c15574
_d15574